Экономическая теория: учебник

Bibliographische Detailangaben
1. Verfasser: Куликов Л. М. Леонид Михайлович
Zusammenfassung:В учебнике рассмотрены предмет, методы и этапы развития экономической теории; структура экономических отношений в обществе и функционирование рынка; основные проблемы макроэкономики в масштабах отдельной страны и мира в целом. Материал изложен в доступной, наглядной и сжатой форме в сопровождении многочисленных схем, таблиц, графиков. Особый авторский дизайн текста облегчает его восприятие и запоминание ключевых пунктов. Все иностранные и специальные термины разъяснены в подстрочном словаре, дан алфавитный указатель, приведены контрольные вопросы и билеты для экзамена. Учебник написан в соответствии с государственным образовательным стандартом высшего профессионального образования Российской Федерации. Для студентов, аспирантов и преподавателей вузов.
Sprache:Russisch
Veröffentlicht: Москва, Проспект, 2006
Schlagworte:
Format: Buch
KOHA link:https://koha.lib.tpu.ru/cgi-bin/koha/opac-detail.pl?biblionumber=115411

MARC

LEADER 00000nam0a2200000 4500
001 115411
005 20231031122623.0
010 |a 5482002780 
035 |a (RuTPU)RU\TPU\book\124817 
035 |a RU\TPU\book\65000 
090 |a 115411 
100 |a 20070507d2006 m y0rusy50 ca 
101 0 |a rus 
102 |a RU 
105 |a a j 001zy 
200 1 |a Экономическая теория  |e учебник  |f Л. М. Куликов 
210 |a Москва  |c Проспект  |d 2006 
215 |a 432 с.  |c ил. 
320 |a Библиогр.: с. 377-379. 
320 |a Алфавитный указатель имен: с. 380-398. 
320 |a Алфавитный указатель иностранных слов, ключевых понятий и терминов: с. 399-408. 
330 |a В учебнике рассмотрены предмет, методы и этапы развития экономической теории; структура экономических отношений в обществе и функционирование рынка; основные проблемы макроэкономики в масштабах отдельной страны и мира в целом. Материал изложен в доступной, наглядной и сжатой форме в сопровождении многочисленных схем, таблиц, графиков. Особый авторский дизайн текста облегчает его восприятие и запоминание ключевых пунктов. Все иностранные и специальные термины разъяснены в подстрочном словаре, дан алфавитный указатель, приведены контрольные вопросы и билеты для экзамена. Учебник написан в соответствии с государственным образовательным стандартом высшего профессионального образования Российской Федерации. Для студентов, аспирантов и преподавателей вузов. 
610 1 |a экономика 
610 1 |a экономическая теория 
610 1 |a история 
610 1 |a производство 
610 1 |a человеческий фактор 
610 1 |a средства производства 
610 1 |a основной капитал 
610 1 |a оборотный капитал 
610 1 |a факторы производства 
610 1 |a доходы 
610 1 |a заработная плата 
610 1 |a рента 
610 1 |a проценты 
610 1 |a прибыль 
610 1 |a разделение труда 
610 1 |a интеграция экономическая 
610 1 |a собственность 
610 1 |a национализация 
610 1 |a приватизация 
610 1 |a товарно-денежные отношения 
610 1 |a товарное производство 
610 1 |a золотой стандарт 
610 1 |a деньги 
610 1 |a банки 
610 1 |a ценные бумаги 
610 1 |a биржи 
610 1 |a рыночная экономика 
610 1 |a смешанная экономика 
610 1 |a монополии 
610 1 |a конкуренция 
610 1 |a спрос 
610 1 |a предложение 
610 1 |a эластичность 
610 1 |a прибыль 
610 1 |a издержки 
610 1 |a макроэкономика 
610 1 |a экономический рост 
610 1 |a нестабильность 
610 1 |a регулирование 
610 1 |a финансовая политика 
610 1 |a фискальная политика 
610 1 |a налоги 
610 1 |a денежная реформа 
610 1 |a денежная политика 
610 1 |a социальная политика 
610 1 |a мировая экономика 
610 1 |a международная торговля 
610 1 |a международный кредит 
610 1 |a трудовые ресурсы 
610 1 |a капитал 
610 1 |a миграция 
610 1 |a свободные экономические зоны 
610 1 |a валютные отношения 
610 1 |a экономическая интеграция 
610 1 |a глобальные проблемы 
610 1 |a учебники 
610 1 |a контрольные вопросы 
610 1 |a экзаменационные билеты 
686 |a У011я73  |v LBC/SL-A  |2 rubbk 
700 1 |a Куликов  |b Л. М.  |g Леонид Михайлович 
801 1 |a RU  |b 63413507  |c 20040312  |g PSBO 
801 2 |a RU  |b 63413507  |c 20120504  |g PSBO 
900 |a Экономическая теория 
942 |c BK